000 00625nam a2200241Ia 4500
003 OSt
005 20221007070806.0
006 a|||||r|||| 00| 0
007 ta
008 221006b |||||||| |||| 00| 0 eng d
024 _a42,564
037 _cTextual
040 _aFLL
_cFLL
_beng
041 _2eng
_aeng
082 _aY15OaZ2, Q2
100 _aReddy G.B.
_9687713
245 0 _aWomen and the law , reprint 2015
250 _a8th
260 _aHyderabad
_bGogia Law Agency India
_c2014
300 _axii,391p
_ccm.
942 _hY15OaZ2, Q2
_cTEXL
_2CC
999 _c1141548
_d1141548